Visualizzazione normale
Vista MARC
- Ignazio Sanna
di Personal Name
Records bibliografici associati: 1
001 - CONTROL NUMBER
- control field: 36136
003 - CONTROL NUMBER IDENTIFIER
- control field: IT-RoPau
005 - DATE AND TIME OF LATEST TRANSACTION
- control field: 20151007223753.0
008 - FIXED-LENGTH DATA ELEMENTS
- fixed length control field: 151007|| aca||aabn | a|a d
040 ## - CATALOGING SOURCE
- Original cataloging agency: IT-RoPau
- Transcribing agency: IT-RoPau
100 ## - HEADING--PERSONAL NAME
- Personal name: Ignazio Sanna
670 ## - SOURCE DATA FOUND
- Source citation: Work cat.: (IT-RoPau)33937: Ignazio Sanna, L’uomo via fondamentale della Chiesa. Trattato di antropologia teologica